Yleistieto #21 - Statistics

Yleistilastot
  • Tätä visaa on pelattu 860 kertaa
  • Keskiarvotulos 6 / 15
Vastaustilastot
Vinkki Vastaus % Oikein
Missä Suomen kaupungissa on Olavinlinna? Savonlinnassa
84%
Mikä joki virtaa Pariisin läpi? Seine
79%
Mikä maa voitti jalkapallon maailmanmestaruuden 2010? Espanja
74%
Mikä on Euroopan suurin järvi? Laatokka
66%
Mikä vuoristo sijaitsee Espanjan ja Ranskan välillä? Pyreneet
53%
Ketä amerikkalaisen jalkapallon pelaajaa syytettiin ex-vaimonsa murhasta v.1994? O. J. Simpson
44%
Mikä on Etiopian pääkaupunki? Addis Abeba
38%
Minkä saarivaltion pääsaari on Luzon? Filippiinien
34%
Missä maassa on Dalmatian maakunta? Kroatiassa
28%
Mikä on Itävallan toiseksi suurin kaupunki? Graz
19%
Kenen dekkaristin kirjoissa seikkailee toimittaja Annika Bengtzon? Liza Marklundin
14%
Missä yhtyeessä Diana Ross oli ennen soolouraansa? The Supremes
14%
^Minkä maalainen taiteilija hän oli? (Valko-)venäläinen
10%
Kuka on Chanelin taiteellinen johtaja? Karl Lagerfeld
8%
Kuka maalasi teokset "Kaupungin Yllä" ja "Vihreä Viulunsoittaja" Marc Chagall
6%
Ehtoja vastaavia visoja ei löytynyt
Tulosjakauma
Jokaisen tuloksen saaneiden osuus
Persentiili vastausten määrän mukaan
Tuloshistoriasi
Et ole pelannut tätä visaa